• 首页
  • 本馆介绍
  • 公告通知
  • 最新文献
  • 馆藏检索
  • 电子资源
  • 读者导购
  • 参考咨询
  • 我的图书馆
  • 登录
  • 详细信息显示
  • 放入我的书架
  • 预约/预借图书
  • 作者相关作品
  • 分类相关作品
  • 丛书相关作品
  • 出版社相关作品

书目信息

  • 表格格式
  • 工作单格式
  • 卡片格式
题名:
人类的故事
    
 
作者: 房龙 著 ;郭亚卿 译
分册:  
出版信息: 哈尔滨   北方文艺出版社  2018
页数: 340页
开本: 21cm
丛书名:
单 册:
中图分类: K109 , Q98-49
科图分类:
主题词: 世界史--shi jie shi--通俗读物 , 人类学--ren lei xue--通俗读物
电子资源:
ISBN: 978-7-5317-4059-9
000 00908nam0 2200301 450
001 012001000620
005 20140106135124.0
010    @a978-7-5317-4059-9@d38.00
099    @aCAL 012019008256
100    @a20190114d2018 emky0chiy5001 ea
101 1  @achi@ceng
102    @aCN@b230000
105    @ay z 000yy
106    @ar
200 1  @a人类的故事@Aren lei de gu shi@f(美) 亨德里克·威廉·房龙著@g郭亚卿译
210    @a哈尔滨@c北方文艺出版社@d2018
215    @a340页@d21cm
300    @a全译本
312    @a英文并列题名取自封面
500 10 @aStory of mankind@mChinese
606 0  @a世界史@Ashi jie shi@j通俗读物
606 0  @a人类学@Aren lei xue@j通俗读物
690    @aK109@v5
690    @aQ98-49@v5
701  1 @a房龙@Afang long@g(Van Loon, Hendrik Willem),@f1882-1944@4著
702  0 @a郭亚卿@Aguo ya qing@4译
801  0 @aCN@b北京卓展文化@c20191020
905    @b1200722-5@dK109@e315@f4
    
    人类的故事/(美) 亨德里克·威廉·房龙著/郭亚卿译.-哈尔滨:北方文艺出版社,2018
    340页;21cm
    全译本
    
    ISBN 978-7-5317-4059-9:38.00
    
●
相关链接 在E读中查询图书 在五车中查询图书 在当当中查询图书 在豆瓣中查询图书


正题名:人类的故事     索取号:K109/315         预约/预借

序号 登录号 条形码 馆藏地/架位号 状态 备注
1 1200722   212007228   第二样本阅览室/ [索取号:K109/315] 在馆    
2 1200723   212007237   第二借阅区/ [索取号:K109/315] 已借出,限还日期为2026.06.10
借出人:田云明  
 
3 1200724   212007246   第二借阅区/ [索取号:K109/315] 在馆    
4 1200725   212007255   第二借阅区/ [索取号:K109/315] 在馆    
唐山师范学院图书馆 欢迎您!
大连网信软件有限公司© 版权所有